| 000 | 00443nam a2200169Ia 4500 | ||
|---|---|---|---|
| 003 | GCL | ||
| 008 | 140319s9999 xx 000 0 eng d | ||
| 040 |
_aGCL / _cGCL |
||
| 082 | 0 | 4 |
_a821.912 _bA T |
| 100 | 1 | _aASHER, KENNETH | |
| 245 | 1 | 0 |
_aT.S.ELIOT AND IDEOLOGY / _cASHER, KENNETH |
| 260 |
_a[S.N] : _bCAMBRIBGE UNIVERSITY PRESS ، _c1995 |
||
| 300 | _a196 P | ||
| 650 | 0 | 4 | _aLITERATURE |
| 650 | 0 | 4 | _aLITERATURE - SOCIETY |
| 942 |
_2ddc _cBK |
||
| 999 |
_c23488 _d23488 |
||